000 00488nam a2200181Ia 4500
999 _c28514
_d28514
003 OSt
005 20201112140127.0
008 190216s9999||||xx |||||||||||||| ||und||
020 _a9788126411382
040 _coclc
082 _a894.8123
_bTHO/D
100 _aThomas, Sara
_96408
245 0 _aDeivamakkal /
_cSara Thomas
260 _bDC Books,
_aKottayam:
_c2005.
300 _a297p
650 _aNovel
942 _cBK
_2ddc
_h894.8123
_iTHO/D
_k894.8123
_mTHO/D